[Event "DEM U12w 2023"]
[Site "Willingen GER"]
[Date "2023.06.03"]
[Round "9"]
[White "Xiao, Yiyi"]
[Black "Stiehler, Mara"]
[Result "1-0"]
[Termination "normal"]
[Board "5"]
[WhiteElo "1267"]
[BlackElo "1227"]
[WhiteClock "01:12:25"]
[BlackClock "00:48:14"]
[PlyCount "93"]
[WhiteFideId "34605665"]
[BlackFideId "34621199"]
[EventCountry "GER"]
[EventRounds "9"]
[EventType "swiss"]
[EventDate "2023.05.27"]

1. e4 {[%clk 01:30:56]} {[%emt 00:00:03]} e6 {[%clk 01:30:56]} {[%emt
00:00:05]} 2. d4 {[%clk 01:31:21]} {[%emt 00:00:06]} d5 {[%clk 01:31:21]}
{[%emt 00:00:05]} 3. Nd2 {[%clk 01:31:43]} {[%emt 00:00:08]} c5 {[%clk
01:31:40]} {[%emt 00:00:11]} 4. exd5 {[%clk 01:32:01]} {[%emt 00:00:11]} exd5
{[%clk 01:32:02]} {[%emt 00:00:09]} 5. Ngf3 {[%clk 01:32:18]} {[%emt 00:00:13]}
Nc6 {[%clk 01:31:59]} {[%emt 00:00:32]} 6. Bb5 {[%clk 01:32:29]} {[%emt
00:00:19]} Bd6 {[%clk 01:31:57]} {[%emt 00:00:32]} 7. dxc5 {[%clk 01:32:33]}
{[%emt 00:00:26]} Bxc5 {[%clk 01:32:16]} {[%emt 00:00:11]} 8. O-O {[%clk
01:32:38]} {[%emt 00:00:25]} Nge7 {[%clk 01:32:22]} {[%emt 00:00:24]} 9. Nb3
{[%clk 01:32:52]} {[%emt 00:00:17]} Bb6 {[%clk 01:32:35]} {[%emt 00:00:17]} 10.
Re1 {[%clk 01:32:39]} {[%emt 00:00:43]} O-O {[%clk 01:32:16]} {[%emt 00:00:49]}
11. Bd3 {[%clk 01:32:29]} {[%emt 00:00:40]} Bg4 {[%clk 01:30:23]} {[%emt
00:02:22]} 12. Bxh7+ {[%clk 01:32:12]} {[%emt 00:00:47]} Kh8 {[%clk 01:27:50]}
{[%emt 00:03:04]} 13. Bd3 {[%clk 01:31:42]} {[%emt 00:01:00]} d4 {[%clk
01:26:44]} {[%emt 00:01:35]} 14. h3 {[%clk 01:30:50]} {[%emt 00:01:22]} Bh5
{[%clk 01:26:21]} {[%emt 00:00:54]} 15. Bg5 {[%clk 01:30:46]} {[%emt 00:00:34]}
f6 {[%clk 01:21:42]} {[%emt 00:05:08]} 16. Bf4 {[%clk 01:29:58]} {[%emt
00:01:18]} Rc8 {[%clk 01:17:58]} {[%emt 00:04:14]} 17. a3 {[%clk 01:27:52]}
{[%emt 00:02:37]} Qd5 {[%clk 01:16:15]} {[%emt 00:02:13]} 18. Be4 {[%clk
01:25:07]} {[%emt 00:03:14]} Qd7 {[%clk 01:16:02]} {[%emt 00:00:43]} 19. Qd2
{[%clk 01:25:06]} {[%emt 00:00:29]} f5 {[%clk 01:14:05]} {[%emt 00:02:29]} 20.
Ne5 {[%clk 01:19:35]} {[%emt 00:06:01]} Qd8 {[%clk 01:10:12]} {[%emt 00:04:23]}
21. Nxc6 {[%clk 01:17:31]} {[%emt 00:02:35]} bxc6 {[%clk 01:09:23]} {[%emt
00:01:19]} 22. Be5 {[%clk 01:16:17]} {[%emt 00:01:42]} Kg8 {[%clk 01:08:14]}
{[%emt 00:01:40]} 23. Qg5 {[%clk 01:14:42]} {[%emt 00:02:05]} Bg6 {[%clk
01:06:41]} {[%emt 00:02:02]} 24. Bf3 {[%clk 01:14:46]} {[%emt 00:00:27]} Rf7
{[%clk 01:03:04]} {[%emt 00:04:08]} 25. Rad1 {[%clk 01:14:21]} {[%emt
00:00:55]} c5 {[%clk 01:01:12]} {[%emt 00:02:22]} 26. Bb7 {[%clk 01:14:35]}
{[%emt 00:00:16]} c4 {[%clk 00:59:19]} {[%emt 00:02:23]} 27. Bxc8 {[%clk
01:14:35]} {[%emt 00:00:30]} cxb3 {[%clk 00:59:17]} {[%emt 00:00:32]} 28. Be6
{[%clk 01:13:34]} {[%emt 00:01:31]} bxc2 {[%clk 00:58:14]} {[%emt 00:01:33]}
29. Rd2 {[%clk 01:12:23]} {[%emt 00:01:41]} d3 {[%clk 00:54:53]} {[%emt
00:03:50]} 30. Bxf7+ {[%clk 01:12:40]} {[%emt 00:00:13]} Kxf7 {[%clk 00:55:07]}
{[%emt 00:00:17]} 31. Bxg7 {[%clk 01:12:46]} {[%emt 00:00:24]} Qc7 {[%clk
00:52:25]} {[%emt 00:03:11]} 32. Qf6+ {[%clk 01:12:51]} {[%emt 00:00:24]} Ke8
{[%clk 00:51:44]} {[%emt 00:01:12]} 33. Qf8+ {[%clk 01:13:15]} {[%emt
00:00:06]} Kd7 {[%clk 00:51:56]} {[%emt 00:00:19]} 34. Rxe7+ {[%clk 01:13:35]}
{[%emt 00:00:09]} Kc6 {[%clk 00:51:58]} {[%emt 00:00:28]} 35. Rxc7+ {[%clk
01:13:33]} {[%emt 00:00:32]} Bxc7 {[%clk 00:52:14]} {[%emt 00:00:15]} 36. Qf6+
{[%clk 01:13:31]} {[%emt 00:00:31]} Kb7 {[%clk 00:52:28]} {[%emt 00:00:16]} 37.
Qc3 {[%clk 01:13:00]} {[%emt 00:01:01]} f4 {[%clk 00:52:05]} {[%emt 00:00:52]}
38. b4 {[%clk 01:12:50]} {[%emt 00:00:42]} f3 {[%clk 00:51:40]} {[%emt
00:00:54]} 39. b5 {[%clk 01:12:23]} {[%emt 00:00:57]} Kb8 {[%clk 00:51:03]}
{[%emt 00:01:07]} 40. a4 {[%clk 01:12:19]} {[%emt 00:00:35]} Bf4 {[%clk
00:50:26]} {[%emt 00:01:06]} 41. g3 {[%clk 01:12:30]} {[%emt 00:00:19]} Bd6
{[%clk 00:48:54]} {[%emt 00:02:02]} 42. a5 {[%clk 01:12:27]} {[%emt 00:00:33]}
Be4 {[%clk 00:48:33]} {[%emt 00:00:50]} 43. b6 {[%clk 01:12:19]} {[%emt
00:00:39]} a6 {[%clk 00:48:15]} {[%emt 00:00:48]} 44. Bh6 {[%clk 01:11:56]}
{[%emt 00:00:53]} Ka8 {[%clk 00:47:59]} {[%emt 00:00:46]} 45. Qc8+ {[%clk
01:12:04]} {[%emt 00:00:22]} Bb8 {[%clk 00:48:14]} {[%emt 00:00:16]} 46. Qxa6+
{[%clk 01:12:25]} {[%emt 00:00:09]} Ba7 {[%emt 00:00:17]} 47. Qxa7# {[%emt
00:00:06]} 1-0

[Event "DEM U12w 2023"]
[Site "Willingen GER"]
[Date "2023.06.03"]
[Round "9"]
[White "Malagatte, Samiksha"]
[Black "Leicher, Anna"]
[Result "0-1"]
[Termination "normal"]
[Board "6"]
[WhiteElo "1214"]
[BlackElo "1306"]
[WhiteClock "00:38:47"]
[BlackClock "00:29:03"]
[PlyCount "85"]
[WhiteFideId "34633790"]
[BlackFideId "34614966"]
[EventCountry "GER"]
[EventRounds "9"]
[EventType "swiss"]
[EventDate "2023.05.27"]

1. e4 {[%clk 01:30:58]} {[%emt 00:00:01]} e5 {[%clk 01:30:56]} {[%emt
00:00:05]} 2. Nf3 {[%clk 01:31:23]} {[%emt 00:00:05]} Nc6 {[%clk 01:31:19]}
{[%emt 00:00:07]} 3. d4 {[%clk 01:31:46]} {[%emt 00:00:06]} exd4 {[%clk
01:31:39]} {[%emt 00:00:11]} 4. Nxd4 {[%clk 01:32:08]} {[%emt 00:00:07]} Bc5
{[%clk 01:31:54]} {[%emt 00:00:16]} 5. Nb3 {[%clk 01:32:29]} {[%emt 00:00:09]}
Bb6 {[%clk 01:31:34]} {[%emt 00:00:50]} 6. Qe2 {[%clk 01:32:45]} {[%emt
00:00:13]} d6 {[%clk 01:30:43]} {[%emt 00:01:21]} 7. Be3 {[%clk 01:33:05]}
{[%emt 00:00:10]} Nf6 {[%clk 01:27:38]} {[%emt 00:03:35]} 8. Nc3 {[%clk
01:32:09]} {[%emt 00:01:27]} Be6 {[%clk 01:25:02]} {[%emt 00:03:06]} 9. Nd2
{[%clk 01:28:56]} {[%emt 00:03:42]} Bxe3 {[%clk 01:18:44]} {[%emt 00:06:49]}
10. Qxe3 {[%clk 01:29:07]} {[%emt 00:00:17]} O-O {[%clk 01:13:15]} {[%emt
00:06:00]} 11. O-O-O {[%clk 01:27:28]} {[%emt 00:02:10]} Re8 {[%clk 01:10:00]}
{[%emt 00:03:45]} 12. Qg3 {[%clk 01:22:08]} {[%emt 00:05:48]} Nh5 {[%clk
01:03:52]} {[%emt 00:06:39]} 13. Qf3 {[%clk 01:20:36]} {[%emt 00:02:00]} Qg5
{[%clk 01:02:39]} {[%emt 00:01:41]} 14. h4 {[%clk 01:12:27]} {[%emt 00:08:43]}
Qa5 {[%clk 00:59:17]} {[%emt 00:03:46]} 15. a3 {[%clk 01:10:08]} {[%emt
00:02:55]} Nf6 {[%clk 00:58:23]} {[%emt 00:01:24]} 16. Re1 {[%clk 01:02:50]}
{[%emt 00:07:48]} d5 {[%clk 00:35:27]} {[%emt 00:23:27]} 17. Bd3 {[%clk
00:57:17]} {[%emt 00:06:00]} d4 {[%clk 00:20:01]} {[%emt 00:15:58]} 18. Ne2
{[%emt 00:05:20]} Ne5 {[%clk 00:18:12]} {[%emt 00:02:16]} 19. Qg3 {[%clk
00:49:14]} {[%emt 00:03:46]} Qc5 {[%clk 00:15:55]} {[%emt 00:02:41]} 20. Nf4
{[%emt 00:04:08]} Nxd3+ {[%clk 00:14:41]} {[%emt 00:01:41]} 21. Nxd3 {[%clk
00:43:21]} {[%emt 00:02:53]} Qb6 {[%clk 00:12:58]} {[%emt 00:02:12]} 22. h5
{[%clk 00:41:08]} {[%emt 00:02:45]} h6 {[%clk 00:12:46]} {[%emt 00:00:42]} 23.
f4 {[%clk 00:39:14]} {[%emt 00:02:23]} Bd7 {[%clk 00:10:47]} {[%emt 00:02:26]}
24. f5 {[%clk 00:35:06]} {[%emt 00:04:43]} Kh8 {[%clk 00:09:49]} {[%emt
00:01:28]} 25. e5 {[%clk 00:33:41]} {[%emt 00:01:54]} Nd5 {[%clk 00:08:59]}
{[%emt 00:01:16]} 26. Ref1 {[%clk 00:31:03]} {[%emt 00:03:12]} f6 {[%clk
00:05:15]} {[%emt 00:04:14]} 27. e6 {[%clk 00:27:49]} {[%emt 00:03:44]} Ba4
{[%clk 00:04:52]} {[%emt 00:00:41]} 28. Qf3 {[%clk 00:25:03]} {[%emt 00:03:24]}
Qc6 {[%clk 00:04:23]} {[%emt 00:01:02]} 29. Ne1 {[%clk 00:24:13]} {[%emt
00:01:22]} a5 {[%clk 00:02:28]} {[%emt 00:02:25]} 30. Rf2 {[%clk 00:21:14]}
{[%emt 00:03:28]} Ra6 {[%clk 00:02:25]} {[%emt 00:00:34]} 31. Qd3 {[%clk
00:20:20]} {[%emt 00:01:24]} Qb6 {[%clk 00:00:47]} {[%emt 00:02:08]} 32. Nc4
{[%clk 00:19:07]} {[%emt 00:01:42]} Qa7 {[%clk 00:01:08]} {[%emt 00:00:10]} 33.
g4 {[%clk 00:16:44]} {[%emt 00:02:53]} Rc6 {[%clk 00:01:18]} {[%emt 00:00:19]}
34. Rh3 {[%clk 00:11:18]} {[%emt 00:05:57]} Bb5 {[%clk 00:01:02]} {[%emt
00:00:46]} 35. b3 {[%clk 00:10:53]} {[%emt 00:00:55]} a4 {[%clk 00:01:18]}
{[%emt 00:00:13]} 36. Qg3 {[%clk 00:09:33]} {[%emt 00:01:50]} axb3 {[%clk
00:01:19]} {[%emt 00:00:29]} 37. cxb3 {[%clk 00:08:05]} {[%emt 00:01:58]} Qxa3+
{[%clk 00:01:37]} {[%emt 00:00:13]} 38. Kd2 {[%clk 00:08:25]} {[%emt 00:00:08]}
Qa2+ {[%clk 00:01:47]} {[%emt 00:00:21]} 39. Kd1 {[%clk 00:08:44]} {[%emt
00:00:12]} Qb1+ {[%clk 00:01:34]} {[%emt 00:00:43]} 40. Kd2 {[%clk 00:08:55]}
{[%emt 00:00:16]} Bxc4 {[%clk 00:01:07]} {[%emt 00:01:00]} 41. bxc4 {[%clk
00:09:11]} {[%emt 00:00:13]} Rxc4 {[%clk 00:00:53]} {[%emt 00:00:45]} 42. g5
{[%clk 00:08:32]} {[%emt 00:01:09]} Qb2+ {[%clk 00:29:03]} {[%emt 00:02:17]}
43. Kd3 {[%clk 00:38:47]} {[%emt 00:00:17]} 0-1

[Event "DEM U12w 2023"]
[Site "Willingen GER"]
[Date "2023.06.03"]
[Round "9"]
[White "John, Linnea"]
[Black "Färber, Anna"]
[Result "1-0"]
[Termination "normal"]
[Board "7"]
[WhiteElo "1396"]
[BlackElo "1252"]
[WhiteClock "00:01:01"]
[BlackClock "00:08:16"]
[PlyCount "77"]
[WhiteFideId "34623680"]
[BlackFideId "34633480"]
[EventCountry "GER"]
[EventRounds "9"]
[EventType "swiss"]
[EventDate "2023.05.27"]

1. e4 {[%clk 01:30:57]} {[%emt 00:00:02]} e5 {[%clk 01:30:50]} {[%emt
00:00:11]} 2. Nf3 {[%clk 01:30:54]} {[%emt 00:00:33]} Nc6 {[%clk 01:31:07]}
{[%emt 00:00:13]} 3. d4 {[%clk 01:31:09]} {[%emt 00:00:15]} exd4 {[%clk
01:31:22]} {[%emt 00:00:15]} 4. Nxd4 {[%clk 01:31:19]} {[%emt 00:00:19]} Nf6
{[%clk 01:31:34]} {[%emt 00:00:18]} 5. Nxc6 {[%clk 01:31:27]} {[%emt 00:00:22]}
bxc6 {[%clk 01:31:44]} {[%emt 00:00:20]} 6. Bd3 {[%clk 01:31:20]} {[%emt
00:00:37]} d5 {[%clk 01:31:41]} {[%emt 00:00:33]} 7. exd5 {[%clk 01:31:34]}
{[%emt 00:00:16]} cxd5 {[%clk 01:31:59]} {[%emt 00:00:12]} 8. O-O {[%clk
01:31:39]} {[%emt 00:00:26]} Be7 {[%clk 01:32:10]} {[%emt 00:00:18]} 9. b3
{[%clk 01:25:47]} {[%emt 00:06:23]} O-O {[%clk 01:27:43]} {[%emt 00:04:57]} 10.
Bb2 {[%clk 01:21:14]} {[%emt 00:05:03]} c5 {[%clk 01:22:28]} {[%emt 00:05:44]}
11. Nc3 {[%clk 01:17:07]} {[%emt 00:04:37]} Be6 {[%clk 01:17:04]} {[%emt
00:05:54]} 12. Be2 {[%clk 01:12:37]} {[%emt 00:05:01]} Qc7 {[%clk 01:13:05]}
{[%emt 00:04:27]} 13. Bf3 {[%clk 01:02:51]} {[%emt 00:10:16]} Rad8 {[%clk
01:09:43]} {[%emt 00:03:52]} 14. Qe2 {[%clk 00:55:25]} {[%emt 00:07:57]} Rfe8
{[%clk 01:07:16]} {[%emt 00:02:57]} 15. Nb5 {[%clk 00:50:40]} {[%emt 00:05:15]}
Qb6 {[%clk 01:04:18]} {[%emt 00:03:28]} 16. Be5 {[%clk 00:46:16]} {[%emt
00:04:54]} Rd7 {[%clk 00:58:07]} {[%emt 00:06:41]} 17. a4 {[%clk 00:40:53]}
{[%emt 00:05:53]} a6 {[%clk 00:54:04]} {[%emt 00:04:34]} 18. Nc3 {[%clk
00:36:49]} {[%emt 00:04:34]} Rdd8 {[%clk 00:45:33]} {[%emt 00:09:01]} 19. a5
{[%clk 00:34:40]} {[%emt 00:02:38]} Qc6 {[%clk 00:41:37]} {[%emt 00:04:26]} 20.
Na4 {[%clk 00:28:55]} {[%emt 00:06:15]} Nd7 {[%clk 00:35:51]} {[%emt 00:06:16]}
21. Bg3 {[%clk 00:26:48]} {[%emt 00:02:38]} Bf6 {[%clk 00:32:01]} {[%emt
00:04:18]} 22. Rad1 {[%clk 00:23:02]} {[%emt 00:04:18]} Qb7 {[%clk 00:27:02]}
{[%emt 00:05:28]} 23. Qd2 {[%clk 00:20:07]} {[%emt 00:03:26]} Ne5 {[%clk
00:24:18]} {[%emt 00:03:14]} 24. Bxe5 {[%clk 00:17:59]} {[%emt 00:02:37]} Bxe5
{[%clk 00:24:35]} {[%emt 00:00:14]} 25. Nxc5 {[%clk 00:17:57]} {[%emt
00:00:32]} Bxh2+ {[%clk 00:21:15]} {[%emt 00:03:50]} 26. Kh1 {[%clk 00:16:40]}
{[%emt 00:01:46]} Qc7 {[%clk 00:20:23]} {[%emt 00:01:23]} 27. Nxe6 {[%clk
00:12:55]} {[%emt 00:04:15]} fxe6 {[%clk 00:20:36]} {[%emt 00:00:16]} 28. g3
{[%clk 00:12:43]} {[%emt 00:00:43]} Bxg3 {[%clk 00:20:52]} {[%emt 00:00:14]}
29. fxg3 {[%clk 00:13:05]} {[%emt 00:00:08]} Qxg3 {[%clk 00:21:14]} {[%emt
00:00:07]} 30. Qg2 {[%clk 00:12:54]} {[%emt 00:00:41]} Qc7 {[%clk 00:17:17]}
{[%emt 00:04:27]} 31. Bh5 {[%clk 00:10:05]} {[%emt 00:03:19]} Re7 {[%clk
00:15:48]} {[%emt 00:02:00]} 32. Rfe1 {[%clk 00:07:58]} {[%emt 00:02:36]} Qxa5
{[%clk 00:14:13]} {[%emt 00:02:06]} 33. Qg5 {[%clk 00:06:44]} {[%emt 00:01:44]}
Qc7 {[%clk 00:13:34]} {[%emt 00:01:08]} 34. Bg4 {[%clk 00:05:43]} {[%emt
00:01:31]} Qd6 {[%clk 00:12:35]} {[%emt 00:01:30]} 35. Bxe6+ {[%clk 00:04:52]}
{[%emt 00:01:20]} Kh8 {[%clk 00:10:38]} {[%emt 00:02:28]} 36. Rxd5 {[%clk
00:03:30]} {[%emt 00:01:51]} Qc7 {[%clk 00:10:37]} {[%emt 00:00:31]} 37. Rxd8+
{[%clk 00:02:42]} {[%emt 00:01:18]} Qxd8 {[%clk 00:11:03]} {[%emt 00:00:04]}
38. Rf1 {[%clk 00:01:00]} {[%emt 00:02:13]} Qe8 {[%clk 00:08:16]} {[%emt
00:03:17]} 39. Qf5 {[%clk 00:01:01]} {[%emt 00:00:28]} 1-0

[Event "DEM U12w 2023"]
[Site "Willingen GER"]
[Date "2023.06.03"]
[Round "9"]
[White "Will, Elina"]
[Black "Kuhn, Sanna"]
[Result "1/2-1/2"]
[Termination "normal"]
[Board "9"]
[WhiteElo "1431"]
[BlackElo "992"]
[WhiteClock "01:36:30"]
[BlackClock "01:16:34"]
[PlyCount "118"]
[WhiteFideId "34623434"]
[BlackFideId "34660313"]
[EventCountry "GER"]
[EventRounds "9"]
[EventType "swiss"]
[EventDate "2023.05.27"]

1. e4 {[%clk 01:30:57]} {[%emt 00:00:02]} e5 {[%clk 01:30:53]} {[%emt
00:00:07]} 2. Nf3 {[%clk 01:30:58]} {[%emt 00:00:30]} Nc6 {[%clk 01:31:17]}
{[%emt 00:00:06]} 3. d4 {[%clk 01:31:08]} {[%emt 00:00:19]} exd4 {[%clk
01:31:41]} {[%emt 00:00:06]} 4. Nxd4 {[%clk 01:31:33]} {[%emt 00:00:05]} Nf6
{[%clk 01:32:04]} {[%emt 00:00:06]} 5. Nc3 {[%clk 01:31:56]} {[%emt 00:00:09]}
Bb4 {[%clk 01:32:29]} {[%emt 00:00:05]} 6. Nxc6 {[%clk 01:32:19]} {[%emt
00:00:06]} bxc6 {[%clk 01:32:52]} {[%emt 00:00:06]} 7. Bd3 {[%clk 01:32:44]}
{[%emt 00:00:06]} d5 {[%clk 01:33:11]} {[%emt 00:00:11]} 8. exd5 {[%clk
01:33:07]} {[%emt 00:00:07]} Qe7+ {[%clk 01:33:35]} {[%emt 00:00:06]} 9. Qe2
{[%clk 01:32:59]} {[%emt 00:00:39]} Qxe2+ {[%clk 01:33:56]} {[%emt 00:00:07]}
10. Bxe2 {[%emt 00:00:08]} Nxd5 {[%clk 01:34:16]} {[%emt 00:00:08]} 11. Bd2
{[%clk 01:33:45]} {[%emt 00:00:09]} Nxc3 {[%clk 01:34:32]} {[%emt 00:00:13]}
12. Bxc3 {[%clk 01:34:04]} {[%emt 00:00:13]} Bxc3+ {[%clk 01:34:56]} {[%emt
00:00:06]} 13. bxc3 {[%emt 00:00:17]} Be6 {[%clk 01:34:10]} {[%emt 00:01:14]}
14. Bf3 {[%clk 01:34:18]} {[%emt 00:00:30]} Bd5 {[%clk 01:34:02]} {[%emt
00:00:39]} 15. O-O-O {[%clk 01:33:50]} {[%emt 00:00:58]} Bxf3 {[%clk 01:33:51]}
{[%emt 00:00:40]} 16. gxf3 {[%clk 01:34:15]} {[%emt 00:00:05]} Ke7 {[%clk
01:32:56]} {[%emt 00:01:25]} 17. Rhe1+ {[%clk 01:34:31]} {[%emt 00:00:14]} Kf6
{[%clk 01:33:15]} {[%emt 00:00:11]} 18. Rd7 {[%clk 01:34:50]} {[%emt 00:00:11]}
Rhe8 {[%clk 01:32:34]} {[%emt 00:01:11]} 19. Rxe8 {[%clk 01:34:26]} {[%emt
00:00:54]} Rxe8 {[%clk 01:32:59]} {[%emt 00:00:05]} 20. Kd2 {[%clk 01:34:50]}
{[%emt 00:00:07]} Re7 {[%clk 01:32:31]} {[%emt 00:00:59]} 21. Rxe7 {[%clk
01:35:06]} {[%emt 00:00:14]} Kxe7 {[%clk 01:32:55]} {[%emt 00:00:05]} 22. Ke3
{[%clk 01:35:32]} {[%emt 00:00:03]} Ke6 {[%clk 01:32:01]} {[%emt 00:01:24]} 23.
Ke4 {[%clk 01:35:53]} {[%emt 00:00:09]} h6 {[%clk 01:31:00]} {[%emt 00:01:31]}
24. h4 {[%clk 01:36:12]} {[%emt 00:00:11]} g5 {[%clk 01:30:45]} {[%emt
00:00:45]} 25. hxg5 {[%clk 01:36:34]} {[%emt 00:00:08]} hxg5 {[%clk 01:31:09]}
{[%emt 00:00:07]} 26. f4 {[%clk 01:36:50]} {[%emt 00:00:13]} f5+ {[%clk
01:30:45]} {[%emt 00:00:54]} 27. Ke3 {[%clk 01:37:08]} {[%emt 00:00:12]} g4
{[%clk 01:31:09]} {[%emt 00:00:06]} 28. Kd4 {[%clk 01:36:44]} {[%emt 00:00:54]}
Kd6 {[%clk 01:29:29]} {[%emt 00:02:10]} 29. Kc4 {[%clk 01:37:00]} {[%emt
00:00:14]} a6 {[%clk 01:27:55]} {[%emt 00:02:04]} 30. a3 {[%clk 01:36:20]}
{[%emt 00:01:11]} c5 {[%clk 01:27:44]} {[%emt 00:00:39]} 31. a4 {[%clk
01:36:44]} {[%emt 00:00:07]} Kc6 {[%clk 01:25:02]} {[%emt 00:03:12]} 32. a5
{[%clk 01:36:42]} {[%emt 00:00:32]} Kd6 {[%clk 01:25:26]} {[%emt 00:00:06]} 33.
Kd3 {[%clk 01:36:59]} {[%emt 00:00:13]} Kc6 {[%clk 01:24:09]} {[%emt 00:01:47]}
34. c4 {[%clk 01:37:18]} {[%emt 00:00:11]} Kd6 {[%clk 01:24:20]} {[%emt
00:00:19]} 35. Ke3 {[%clk 01:37:09]} {[%emt 00:00:39]} Ke6 {[%clk 01:23:19]}
{[%emt 00:01:31]} 36. Ke2 {[%clk 01:35:30]} {[%emt 00:02:08]} Kf6 {[%clk
01:22:59]} {[%emt 00:00:50]} 37. Kf1 {[%clk 01:35:08]} {[%emt 00:00:52]} Kg6
{[%clk 01:19:36]} {[%emt 00:03:54]} 38. Kg2 {[%clk 01:35:33]} {[%emt 00:00:05]}
Kh5 {[%clk 01:19:36]} {[%emt 00:00:30]} 39. Kg3 {[%clk 01:35:55]} {[%emt
00:00:08]} c6 {[%clk 01:19:34]} {[%emt 00:00:32]} 40. c3 {[%clk 01:36:18]}
{[%emt 00:00:07]} Kg6 {[%clk 01:19:58]} {[%emt 00:00:06]} 41. Kh4 {[%clk
01:36:31]} {[%emt 00:00:17]} Kh6 {[%clk 01:20:02]} {[%emt 00:00:26]} 42. Kg3
{[%clk 01:35:30]} {[%emt 00:01:32]} Kh5 {[%clk 01:19:25]} {[%emt 00:01:07]} 43.
Kg2 {[%clk 01:35:32]} {[%emt 00:00:27]} Kh4 {[%clk 01:19:09]} {[%emt 00:00:46]}
44. Kh2 {[%clk 01:35:47]} {[%emt 00:00:15]} Kh5 {[%clk 01:17:29]} {[%emt
00:02:10]} 45. Kg3 {[%clk 01:35:24]} {[%emt 00:00:53]} Kg6 {[%clk 01:17:38]}
{[%emt 00:00:18]} 46. f3 {[%clk 01:33:20]} {[%emt 00:02:37]} Kh5 {[%clk
01:16:50]} {[%emt 00:01:18]} 47. fxg4+ {[%clk 01:33:44]} {[%emt 00:00:06]} fxg4
{[%clk 01:17:10]} {[%emt 00:00:11]} 48. f5 {[%clk 01:34:10]} {[%emt 00:00:04]}
Kg5 {[%clk 01:17:28]} {[%emt 00:00:10]} 49. f6 {[%clk 01:34:36]} {[%emt
00:00:05]} Kxf6 {[%clk 01:17:51]} {[%emt 00:00:07]} 50. Kxg4 {[%clk 01:35:03]}
{[%emt 00:00:04]} Kg6 {[%clk 01:15:41]} {[%emt 00:02:39]} 51. Kf4 {[%clk
01:35:11]} {[%emt 00:00:22]} Kf6 {[%clk 01:15:56]} {[%emt 00:00:15]} 52. Ke4
{[%clk 01:34:54]} {[%emt 00:00:48]} Ke6 {[%clk 01:16:12]} {[%emt 00:00:14]} 53.
Kf4 {[%clk 01:35:04]} {[%emt 00:00:20]} Kf6 {[%clk 01:16:34]} {[%emt 00:00:07]}
54. Kg4 {[%clk 01:35:19]} {[%emt 00:00:15]} Ke5 {[%clk 01:15:40]} {[%emt
00:01:24]} 55. Kf3 {[%clk 01:35:40]} {[%emt 00:00:09]} Kf5 {[%clk 01:14:58]}
{[%emt 00:01:12]} 56. Ke3 {[%clk 01:36:04]} {[%emt 00:00:06]} Ke5 {[%clk
01:15:23]} {[%emt 00:00:05]} 57. Kf3 {[%clk 01:36:03]} {[%emt 00:00:31]} Kf5
{[%clk 01:15:46]} {[%emt 00:00:07]} 58. Ke3 {[%clk 01:36:07]} {[%emt 00:00:26]}
Ke5 {[%clk 01:16:11]} {[%emt 00:00:05]} 59. Kf3 {[%clk 01:36:30]} {[%emt
00:00:08]} Kf5 {[%clk 01:16:34]} {[%emt 00:00:06]} 1/2-1/2

[Event "DEM U12w 2023"]
[Site "Willingen GER"]
[Date "2023.06.03"]
[Round "9"]
[White "Averkova, Mariia"]
[Black "Glotz, Katharina"]
[Result "1/2-1/2"]
[Termination "normal"]
[Board "10"]
[WhiteElo "1367"]
[BlackElo "1411"]
[WhiteClock "00:13:39"]
[BlackClock "00:18:46"]
[PlyCount "43"]
[WhiteFideId "34651470"]
[BlackFideId "34631011"]
[EventCountry "GER"]
[EventRounds "9"]
[EventType "swiss"]
[EventDate "2023.05.27"]

1. d4 {[%clk 01:30:58]} {[%emt 00:00:01]} Nf6 {[%clk 01:30:46]} {[%emt
00:00:15]} 2. Nf3 {[%clk 01:31:13]} {[%emt 00:00:15]} d5 {[%clk 01:22:12]}
{[%emt 00:09:04]} 3. e3 {[%clk 01:29:00]} {[%emt 00:02:42]} e6 {[%clk
01:09:09]} {[%emt 00:13:34]} 4. b3 {[%clk 01:26:23]} {[%emt 00:03:06]} c5
{[%clk 01:04:31]} {[%emt 00:05:08]} 5. Bb2 {[%clk 01:24:38]} {[%emt 00:02:15]}
Bd6 {[%clk 01:00:52]} {[%emt 00:04:08]} 6. Nbd2 {[%clk 01:23:06]} {[%emt
00:02:02]} Nc6 {[%clk 00:58:50]} {[%emt 00:02:32]} 7. Bd3 {[%clk 01:21:15]}
{[%emt 00:02:21]} Bd7 {[%clk 00:55:21]} {[%emt 00:04:00]} 8. O-O {[%clk
01:19:31]} {[%emt 00:02:14]} O-O {[%clk 00:54:53]} {[%emt 00:00:58]} 9. Ne5
{[%clk 01:17:44]} {[%emt 00:02:16]} Qc7 {[%clk 00:50:20]} {[%emt 00:05:03]} 10.
f4 {[%clk 01:14:41]} {[%emt 00:03:34]} cxd4 {[%clk 00:46:20]} {[%emt 00:04:30]}
11. exd4 {[%clk 01:14:05]} {[%emt 00:01:06]} Nb4 {[%clk 00:45:32]} {[%emt
00:01:17]} 12. Rf3 {[%clk 01:06:26]} {[%emt 00:08:09]} Nxd3 {[%clk 00:36:30]}
{[%emt 00:09:33]} 13. Rxd3 {[%clk 01:02:56]} {[%emt 00:03:59]} Ne8 {[%clk
00:30:40]} {[%emt 00:06:20]} 14. Nxd7 {[%clk 00:50:47]} {[%emt 00:12:40]} Qxd7
{[%clk 00:30:56]} {[%emt 00:00:15]} 15. Qg4 {[%clk 00:45:22]} {[%emt 00:05:54]}
Nf6 {[%clk 00:29:14]} {[%emt 00:02:13]} 16. Qh4 {[%clk 00:41:50]} {[%emt
00:04:00]} b5 {[%clk 00:24:56]} {[%emt 00:04:49]} 17. a3 {[%clk 00:36:57]}
{[%emt 00:05:23]} Rac8 {[%clk 00:24:05]} {[%emt 00:01:22]} 18. c3 {[%clk
00:34:21]} {[%emt 00:03:05]} a5 {[%clk 00:22:55]} {[%emt 00:01:41]} 19. b4
{[%clk 00:32:19]} {[%emt 00:02:31]} a4 {[%clk 00:21:47]} {[%emt 00:01:38]} 20.
Re1 {[%clk 00:28:16]} {[%emt 00:04:33]} Qc7 {[%clk 00:20:18]} {[%emt 00:01:59]}
21. g3 {[%clk 00:18:20]} {[%emt 00:10:26]} Nd7 {[%clk 00:18:46]} {[%emt
00:02:01]} 22. Qg4 {[%clk 00:13:39]} {[%emt 00:05:12]} 1/2-1/2